000 00592nam a2200205Ia 4500
005 20250923145430.0
008 008 250917s9999 xx 000 0 eng d
037 _aTextual
040 _aDSWL
_beng
_cDSWL
041 _aeng
_2eng
084 _aY:1:7x1,N6, N64
_qDSWL
245 0 _aSocial chang : Source, patterns and consequenus
_cEd. by A. Etzioni
260 _aNew York
_b Basic Books
_c1964
300 _axii,503 p.
365 _aUSD
_b6.95
700 _a E Etzioni
_9835253
925 _g6.95
942 _cTEXL
_hY:1:7x1,N6, N64
999 _c1451286
_d1451286